书目信息 |
| 题名: |
儿童阅读的世界
|
|
| 作者: | 李文玲 , 舒华 主编 | |
| 分册: | Ⅰ 早期阅读的心理机制研究 | |
| 出版信息: | 北京 北京师范大学出版社 2016 |
|
| 页数: | 325页 | |
| 开本: | 24cm | |
| 丛书名: | 国际儿童阅读研究丛书 | |
| 单 册: | ||
| 中图分类: | G252.17 | |
| 科图分类: | ||
| 主题词: | 儿童--er tong--阅读辅导--研究 | |
| 电子资源: | ||
| ISBN: | 978-7-303-21313-9 | |
| 000 | 01247nam0 22002771 450 | |
| 001 | 387893 | |
| 005 | 20170503083639.77 | |
| 010 | @a978-7-303-21313-9@b精装@dCNY108.00 | |
| 100 | @a20161229d2016 em y0chiy50 ea | |
| 101 | 0 | @achi@ceng |
| 102 | @aCN@b110000 | |
| 105 | @aa z 000yy | |
| 106 | @ar | |
| 200 | 1 | @a儿童阅读的世界@9er tong yue du de shi jie@dThe world of children's reading@hⅠ@i早期阅读的心理机制研究@iStudies of psycholinguistics in early reading@f李文玲,舒华主编@zeng |
| 210 | @a北京@c北京师范大学出版社@d2016 | |
| 215 | @a325页@c彩照,图@d24cm | |
| 225 | 2 | @a国际儿童阅读研究丛书@9guo ji er tong yue du yan jiu cong shu |
| 330 | @a本书从心理语言学的角度,回答了关于早期阅读心理加工机制的诸多问题;介绍了与儿童早期阅读相关的理论模型、影响因素以及阅读障碍儿童的追踪研究;汇集了全球多个国家与地区权威学者,首次集中呈现了有关中文阅读的心理语言学研究成果。 | |
| 461 | 0 | @12001 @a国际儿童阅读研究丛书 |
| 510 | 1 | @aWorld of children's reading@hⅠ@iStudies of psycholinguistics in early reading@zeng |
| 606 | 0 | @a儿童@9er tong@x阅读辅导@x研究 |
| 690 | @aG252.17@v5 | |
| 701 | 0 | @a李文玲@9li wen ling@4主编 |
| 701 | 0 | @a舒华@9shu hua@4主编 |
| 801 | 0 | @aCN@b百万庄@c20170308 |
| 905 | @b1004618-21@dG252.17@e106:1@f4 | |
| 儿童阅读的世界=The world of children's reading.Ⅰ.早期阅读的心理机制研究.Studies of psycholinguistics in early reading/李文玲,舒华主编.-北京:北京师范大学出版社,2016 |
| 325页:彩照,图;24cm.-(国际儿童阅读研究丛书) |
| ISBN 978-7-303-21313-9(精装):CNY108.00 |
| 本书从心理语言学的角度,回答了关于早期阅读心理加工机制的诸多问题;介绍了与儿童早期阅读相关的理论模型、影响因素以及阅读障碍儿童的追踪研究;汇集了全球多个国家与地区权威学者,首次集中呈现了有关中文阅读的心理语言学研究成果。 |
| ● |
| 相关链接 |
|
|
|
|
正题名:儿童阅读的世界
索取号:G252.17/106:1
 
预约/预借
| 序号 | 登录号 | 条形码 | 馆藏地/架位号 | 状态 | 备注 |
| 1 | 1004618 | 210046181 | 第一样本阅览室/ [索取号:G252.17/106:1] | 在馆 | |
| 2 | 1004619 | 210046190 | 教育系资料室/ [索取号:G252.17/106:1] | 在馆 | |
| 3 | 1004620 | 210046207 | 教育系资料室/ [索取号:G252.17/106:1] | 在馆 | |
| 4 | 1004621 | 210046216 | 教育系资料室/ [索取号:G252.17/106:1] | 在馆 |